Music Quiz

Random Music or Billboard Quiz

Top 40 U.S. Hits III (Small 80s Artists) Quiz Stats

 Plays Quiz not verified by Sporcle

Score 0/41 Timer 10:00
0 Plays Today
% Correct
Sledgehammer
91.9%
Total Eclipse of the Heart
89.3%
Electric Avenue
85.2%
Never Gonna Give You Up
84.6%
867-5309/Jenny
83.9%
Rock Me Amadeus
82.6%
Lady in Red
81.9%
Wishing Well
76.5%
Missing You
71.8%
I Can't Drive 55
71.8%
Kids in America
69.8%
Everytime You Go Away
67.1%
Two of Hearts
61.7%
In Your Eyes
59.1%
Together Forever
59.1%
You Keep Me Hangin' On
53.7%
Shock the Monkey
45%
Big Time
43.6%
Sign Your Name
43.6%
Ah! Leah!
43%
Holding Out For a Hero
43%
% Correct
Trouble
39.6%
Vienna Calling
39.6%
Don't Pay the Ferryman
37.6%
She Wants to Dance with Me
27.5%
Romancing the Stone
22.8%
Go Insane
22.1%
Your Love is Driving Me Crazy
18.8%
Love is Like a Rock
18.1%
Come Back and Stay
18.1%
It Would Take a Strong Strong Man
17.4%
I'm Gonna Tear Your Playhouse Down
16.1%
We Connect
16.1%
Dance Little Sister
14.1%
Angel Say No
10.7%
My Girl
10.1%
Give to Live
10.1%
Tears
8.1%
Giving Up on Love
7.4%
Two Sides of Love
7.4%
Every Step of the Way
6%

You're not logged in!

Compare scores with friends on all Sporcle quizzes.
Join for Free
OR
Log In

You Might Also Like...

Show Comments

Extras

Top Quizzes Today


Score Distribution

Your Account Isn't Verified!

In order to create a playlist on Sporcle, you need to verify the email address you used during registration. Go to your Sporcle Settings to finish the process.

Report this User

Report this user for behavior that violates our Community Guidelines.

Details: